Quiz photo : Célébrités plus jeunes - Statistiques

Statistiques générales
  • Ce quiz a été pris 2 170 fois
  • Le résultat moyen est 12 sur 34
Statistiques - réponses
Par images Réponse % Correct
Leonardo Di Caprio
87%
Brad Pitt
86%
Angelina Jolie
84%
Will Smith
81%
Jennifer Aniston
71%
Tom Cruise
71%
George Clooney
54%
Bradley Cooper
49%
Justin Timberlake
48%
Cameron Diaz
43%
Madonna
40%
Scarlett Johansson
38%
Bruce Willis
35%
Natalie Portman
33%
Pamela Anderson
31%
Barack Obama
29%
Kristen Stewart
28%
Victoria Beckham
28%
Hugh Grant
27%
Mila Kunis
27%
Kate Moss
22%
Mark Zuckerberg
22%
Robin Williams
19%
Robert Downey Jr.
16%
Sarah Jessica Parker
15%
Bill Gates
14%
Katie Holmes
12%
Charlize Theron
11%
Kirsten Dunst
9%
Oprah Winfrey
8%
Shia Labeouf
7%
Simon Cowell
6%
Kerry Washington
3%
Steven Spielberg
1%
Aucun quiz correspondant
Distribution des résultats
% des personnes avec chaque résultat
Percentile par nombre de réponses
Votre historique - résultats
Vous n’avez pas pris ce quiz